000 00920nam a2200193Ia 4500
008 191130s2004##################000#0#eng##
020 _a9781857025743
022 _a2005644929
040 _aACL
_cACL
082 _a791.43658 DOH
100 _aMcCann, Graham
245 _aCary grant--a class apart
_cTurner Classic Movies and Turner Entertainment Co. ; produced and written by Robert Trachtenberg
260 _aLondon
_bFourth Estate
_c2004
300 _axii, 418p, 19cm
500 _aCopyright: Turner Entertainment Co. DCR 2004; PUB 1Jun04; REG 25Jun04; PA1-229-698. Parts 1 & 2. Source used: copyright data base; copyright data sheet; Internet Movie data base. Helen Mirren, Jeremy Northam, Cary Grant, Barbara Harris, Jeanine Basinger. Received: 08/27/2004; viewing copy; copyright deposit--RNR; Copyright Collection
990 _acf444e94ac10000c4dce68f8b1df94b7
991 _a363411
999 _c124620
_d124620